Escrito en el agua (Record no. 186157)

MARC details
000 -LEADER
campo de control de longitud fija 01494nam a2200289 i 4500
001 - NÚMERO DE CONTROL
campo de control 186157
003 - IDENTIFICADOR DE NÚMERO DE CONTROL
campo de control SpMaBN
005 - FECHA Y HORA DE LA ÚLTIMA TRANSACCIÓN
campo de control 20250625165734.0
008 - DATOS DE LONGITUD FIJA--INFORMACIÓN GENERAL
campo de control de longitud fija 160913s2015 sp |||| | spa d
020 ## - NÚMERO INTERNACIONAL ESTÁNDAR DEL LIBRO
Número Internacional Estándar del Libro 978-84-15973-48-5
080 ## - NÚMERO DE LA CLASIFICACIÓN DECIMAL UNIVERSAL
Número de la Clasificación Decimal Universal 821.134.2-32"19/20"(082.2)
245 00 - MENCIÓN DEL TÍTULO
Título Escrito en el agua
Resto del título : antología de relatos húmedos /
Mención de responsabilidad, etc. [Virginia Aguilera, Patricia Artero, Eva Balaguer-Cortés, José Luis Blasco, Santi Blasco, Marisa Fanlo, José Esteban ... et al.] ; prólogo de Juan Bolea.
250 ## - MENCION DE EDICION
Mención de edición 1ª ed. en Reino de Cordelia.
260 ## - PUBLICACIÓN, DISTRIBUCIÓN, ETC.
Lugar de publicación, distribución, etc. Madrid :
Nombre del editor, distribuidor, etc. Reino de Cordelia,
Fecha de publicación, distribución, etc. 2015.
300 ## - DESCRIPCIÓN FÍSICA
Extensión 342 p. ;
Dimensiones 21 cm.
490 1# - MENCIÓN DE SERIE
Mención de serie Reino de Cordelia ;
Designación de volumen o secuencia 44
505 8# - NOTA DE CONTENIDO CON FORMATO
Nota de contenido con formato Contiene: ;
Título El infiernillo /
Mención de responsabilidad Virginia Aguilera. --
Título Doce segundos de oscuridad /
Mención de responsabilidad Patricia Artero. --
Título El depredador del pantano /
Mención de responsabilidad Eva Balaguer-Cortés. --
Título La dama del sueño /
Mención de responsabilidad José Luis Blasco. --
Título Comida para gatos /
Mención de responsabilidad Santi Blasco. --
Título Lo que el hombre teme /
Mención de responsabilidad Marisa Fando. --
Título La sirena de Felipe II /
Mención de responsabilidad José Esteban...
650 #7 - PUNTO DE ACCESO ADICIONAL DE MATERIA--TÉRMINO DE MATERIA
Término de materia o nombre geográfico como elemento de entrada Cuentos españoles-
Subdivisión cronológica S.XXI.
9 (RLIN) 143102
700 1# - ENTRADA AGREGADA--NOMBRE PERSONAL
Nombre de persona Aguilera, Virginia,
Fechas asociadas al nombre 1980-
9 (RLIN) 160825
700 1# - ENTRADA AGREGADA--NOMBRE PERSONAL
Nombre de persona Esteban, José,
Fechas asociadas al nombre 1935-
9 (RLIN) 48033
700 1# - ENTRADA AGREGADA--NOMBRE PERSONAL
Nombre de persona Bolea, Juan (
Fechas asociadas al nombre 1959-)
9 (RLIN) 160826
830 0# - PUNTO DE ACCESO ADICIONAL DE SERIE-TÍTULO UNIFORME
Título uniforme Reino de Cordelia ;
Designación de volumen o secuencia 44
9 (RLIN) 191205
852 ## - LOCALIZACIÓN
Ubicación ES-MaACL
Número de control de estantería A-13849
itemnumber 193209
Sublocalización o colección R.151104
Ubicación en estantería Depósito 1
Signatura antigua Olim: N-6849
Donativo/Legado Donación: José Esteban
903 ## - NOMBRE PERSONAL DE DONANTE
a Esteban, José,
d 1935-
e Donante
9 48033
942 ## - ELEMENTOS DE ENTRADA SECUNDARIOS (KOHA)
Fuente del sistema de clasificación o colocación Clasificación decimal universal
Tipo de ítem Koha Libro impreso
Holdings
Estatus retirado Estado de pérdida Fuente del sistema de clasificación o colocación Estado de daño No para préstamo Biblioteca de origen Biblioteca actual Ubicación en estantería Fecha de adquisición Fuente de adquisición Total de préstamos Signatura topográfica completa Código de barras Visto por última vez Precio de reemplazo Tipo de ítem Koha
    Clasificación decimal universal     Biblioteca del Ateneo de Madrid Biblioteca del Ateneo de Madrid Depósito 1 13/09/2016 Donación   A-13849 1196265 23/02/2023 23/02/2023 Libro impreso